000 00399nam a2200145 i 4500
001 bg
245 0 _aZbiór zadań z fizyki dla wyższych uczelni technicznych /
_cpod red. A. N. Kucenki i J. W. Rublewa.
260 _aWarszawa,
_c1977.
700 1 _aKucenko, A. N.
_eRed.
700 1 _aRublew, J. W.
040 _cBPK
041 _apol
942 _cKS
008 s pl f |000 0 pol
999 _c27587
_d27587
856 _uhttp://koha.tu.koszalin.pl/cgi-bin/koha/opac-detail.pl?biblionumber=27587
_yKatalog online BPK